Catalog

Record Details

Catalog Search



Available copies

  • 45 of 46 copies available at LARL/NWRL Consortium. (Show)
  • 31 of 32 copies available at Lake Agassiz Regional Library.

Current holds

0 current holds with 46 total copies.

Show Only Available Copies
Location Call Number / Copy Notes Part Barcode Shelving Location Status Due Date
Hawley Public Library Magazine (Text) 2026-05 ( MAY ) 33500013798178 Main Available -
Hawley Public Library Magazine (Text) 2026-04 ( APR ) 33500013798152 Main Available -
Hawley Public Library Magazine (Text) 2026-03 ( MAR ) 33500013797949 Main Available -
Hawley Public Library Magazine (Text) 2026-02 ( FEB ) 33500013797808 Main Available -
Hawley Public Library Magazine (Text) 2026-01 ( JAN ) 33500013798053 Main Available -
Hawley Public Library Magazine (Text) 2025-12 ( DEC ) 33500013797089 Main Available -
Hawley Public Library Magazine (Text) 2025-11 ( NOV ) 33500013797287 Main Available -
Hawley Public Library Magazine (Text) 2025-10 ( OCT ) 33500013797436 Main Available -
Hawley Public Library Magazine (Text) 2025-08 ( AUG ) 33500013797501 Main Available -
Hawley Public Library Magazine (Text) 2025-07 ( JUL ) 33500013655469 Main Available -
Next 10 »

Record details

  • ISSN: 0018-165X
  • Physical Description: volumes : illustrations ; 32 cm
  • Publisher: [Columbus, Ohio] : [Highlights for Children], [©1946]-

Content descriptions

General Note:
Title from cover.
Source of Description Note:
Latest issue consulted: Vol. 69, no. 2 (Feb. 2014) ... Read More
Subject: Children's literature > Periodicals.
Creative activities and seat work > Periodicals.
Children's literature.
Creative activities and seat work.
Genre: Current magazines.
Periodicals.
Periodicals.
Children's periodicals.
LDR 02845cas a2200637 a 4500
001325431
003LARL_NWRL_CONSORTIUM
00520190730191418.0
008750901c19469999ohumr p 0 a0eng c
010 . ‡a 50037225
040 . ‡aMUL ‡beng ‡cMUL ‡dOCL ‡dMUL ‡dNSD ‡dAIP ‡dOCL ‡dNSD ‡dOCL ‡dDLC ‡dNST ‡dOCLCQ ‡dDLC ‡dIUL ‡dOCL ‡dNSD ‡dNYP ‡dOCLCQ ‡dOCLCF ‡dCOD ‡dT3H ‡dOCLCO ‡dLTP ‡dOCL ‡dPX0 ‡dLIP ‡dLNC ‡dBRL ‡dOCLCQ ‡dBOS ‡dBVI ‡dOCLCO ‡dKE7 ‡dDIO ‡dNZ1 ‡dOCLCO ‡dZAS ‡dOCLCO ‡dDZI ‡dJX9 ‡dZQP ‡dOCLCO
012 . ‡a2 ‡b3 ‡i8601 ‡k1 ‡l1 ‡m1
019 . ‡a2447386 ‡a868359178 ‡a926195186 ‡a969070984 ‡a973909147 ‡a990630995 ‡a995256922 ‡a1027714862 ‡a1041585383 ‡a1049087157 ‡a1049142989 ‡a1049147221 ‡a1052681751 ‡a1079006951
0221 . ‡a0018-165X ‡l0018-165X ‡21
032 . ‡a244600 ‡bUSPS
035 . ‡a(OCoLC)1589689
042 . ‡apcc ‡ansdp
060 4. ‡aHighlights for children
08204. ‡a051 ‡219
24500. ‡aHighlights for children.
2461 . ‡iIssues for May 2006- called: ‡aHighlights
260 . ‡a[Columbus, Ohio] : ‡b[Highlights for Children], ‡c[©1946]-
300 . ‡avolumes : ‡billustrations ; ‡c32 cm
310 . ‡aMonthly, ‡b<1996->
336 . ‡atext ‡btxt ‡2rdacontent
337 . ‡aunmediated ‡bn ‡2rdamedia
338 . ‡avolume ‡bnc ‡2rdacarrier
3620 . ‡a[Vol. 1, no. 1] (June 1946)-
500 . ‡aTitle from cover.
588 . ‡aLatest issue consulted: Vol. 69, no. 2 (Feb. 2014) = Issue no. 748.
650 0. ‡aChildren's literature ‡vPeriodicals. ‡0(LARL_NWRL_CONSORTIUM)171369
650 0. ‡aCreative activities and seat work ‡vPeriodicals.
650 7. ‡aChildren's literature. ‡2fast ‡0(LARL_NWRL_CONSORTIUM)16440
650 7. ‡aCreative activities and seat work. ‡2fast ‡0(LARL_NWRL_CONSORTIUM)17972
655 4. ‡aCurrent magazines.
655 7. ‡aPeriodicals. ‡2fast
655 7. ‡aPeriodicals. ‡2lcgft
655 0. ‡aChildren's periodicals.
7001 . ‡aMyers, Garry Cleveland, ‡d1884-
77608. ‡iOnline version: ‡tHighlights for children ‡w(OCoLC)654827036
78005. ‡tChildren's activities ‡gOct. 1960 ‡w(OCoLC)13075039
850 . ‡aCoU ‡aDLC
936 . ‡aUnknown ‡aAug./Sept. 1978
901 . ‡a325431 ‡b ‡c325431 ‡tbiblio

Additional Resources